| 000 | 01115nas a2200301 4500 | ||
|---|---|---|---|
| 001 | BR8101912 | ||
| 003 | BR-BrBNA | ||
| 005 | 20231205084617.0 | ||
| 007 | ta | ||
| 008 | 230509b bl.|||p| |||| 00| 00por d | ||
| 040 |
_aBR-BrBNA _bpor _cBiblioteca Nacional de Agricultura |
||
| 041 | _a(Pt) | ||
| 072 | _aH20 | ||
| 100 | 1 | _aLima, M.L.R.Z. da | |
| 100 | 1 | _aCosta, A.S. | |
| 100 | 1 | _aKoehler, H.S. | |
| 245 | 1 |
_aPerdas na producao de rabanetes e nabos causados pelos virus do mosaico do nabo e mosaico da couve-flor [Raphanus sativus; Brassica rapa; Parana; Brasil] _bParte de tese |
|
| 246 | 1 |
_aYIELD LOSSES INDUCED BY Turnip mosaic Virus and Cauliflower mosaic Virus for radish and turnip varieties [Raphanus sativus; Brassica rapa; Parana; Brazil] _b[Part of thesis] |
|
| 650 | _aDoenca de planta | ||
| 650 | _aNabo | ||
| 650 | _aRabanete | ||
| 650 | _aCouve-flor | ||
| 650 | _aVirus | ||
| 650 | _aMosaico | ||
| 773 | 0 |
_tRevista do Setor de Ciencias Agrarias (Brazil) _xISSN 0100-607X _g(Jan 1980), v. 2(1) p. 23-28 _wBR8101912 |
|
| 909 |
_a202311 _bLúcia _c55 _dLúcia Elande |
||
| 942 |
_2AGRIS _n0 _cANA |
||
| 999 |
_c106236 _d106236 |
||